| 000 | 00401 a2200169 4500 | ||
|---|---|---|---|
| 001 | 187018 | ||
| 020 | _a85-215-0738-0 | ||
| 040 | _cMagnum | ||
| 100 | _aRamalho, Lucia Carpi | ||
| 240 | 1 | 0 |
_aHistória da sociedade brasileira _lpor |
| 245 | 1 | 0 | _aHistória da sociedade brasileira |
| 300 | _a467 | ||
| 362 | 0 | _a1998 | |
| 440 | 1 | _aAo Livro Técnico | |
| 697 | _aHISTÓRIA DO BRASIL | ||
| 942 | _cBK | ||
| 999 |
_c187018 _d187018 |
||